[Event "Spring U2400"]
[Site "?"]
[Date "2023.03.05"]
[Round "4"]
[White "Gibiec, Mateusz"]
[Black "Wilmot, Daniel"]
[Result "0-1"]
[WhiteElo "1595"]
[BlackElo "1912"]
[PlyCount "87"]
[EventDate "2023.??.??"]
[SourceVersionDate "2023.03.20"]

1. e4 e5 2. Nf3 Nc6 3. d4 exd4 4. Bc4 Nf6 5. e5 d5 6. exf6 dxc4 7. fxg7 Qe7+ 8. Qe2 Qxe2+ 9. Kxe2 Bxg7 10. Re1 Bg4 11. h3 Bh5 12. Kf1+ Kd7 13. Na3 Bxf3 14. gxf3 Ne5 15. f4 Nf3 16. Rd1 c5 17. Nxc4 f5 18. Ke2 Nh4 19. Ne5+ Kc7 20. Rg1 Rhg8 21. Bd2 Rae8 22. Kf1 Bxe5 23. Rxg8 Rxg8 24. fxe5 Nf3 25. Ke2 Nxe5 26. Bf4 Re8 27. Rg1 Kc6 28. Bxe5 Rxe5+ 29. Kd3 Re7 30. Rg5 Rf7 31. h4 Kd5 32. h5 c4+ 33. Kd2 b5 34. h6 Rf6 35. Rg7 Rxh6 36. Rxa7 Rh2 37. Ke2 d3+ 38. cxd3 cxd3+ 39. Kxd3 Rxf2 40. Rxh7 Rxb2 41. Rb7 Ke5 42. Ke3 Rb4 43. a4 Rb3+ 44. Kf2 0-1

[Event "Spring U2400"]
[Site "?"]
[Date "2023.03.05"]
[Round "4"]
[White "Jukes, Sam"]
[Black "Dixon, Chris"]
[Result "1/2-1/2"]
[WhiteElo "1905"]
[BlackElo "1697"]
[PlyCount "40"]
[EventDate "2023.??.??"]
[SourceVersionDate "2023.03.20"]

1. e4 d6 2. d4 Nf6 3. Nc3 g6 4. f4 Bg7 5. Nf3 O-O 6. e5 dxe5 7. fxe5 Nd5 8. h4 c5 9. h5 Nc6 10. hxg6 hxg6 11. Bg5 cxd4 12. Nxd5 Qxd5 13. Qd2 Nxe5 14. Bh6 Nxf3+ 15. gxf3 Qe5+ 16. Be2 Bxh6 17. Qxh6 Qg7 18. Qh4 Bf5 19. Kd2 Rac8 20. Bd3 Bxd3 1/2-1/2

[Event "Spring U2400"]
[Site "?"]
[Date "2023.03.05"]
[Round "4"]
[White "Mba, Reginald"]
[Black "Hurn, Robert"]
[Result "1-0"]
[WhiteElo "1811"]
[BlackElo "1603"]
[PlyCount "117"]
[EventDate "2023.??.??"]
[SourceVersionDate "2023.03.20"]

1. e4 c5 2. Nf3 d6 3. Bb5+ Bd7 4. Bxd7+ Qxd7 5. O-O Nf6 6. Re1 Nc6 7. d4 cxd4 8. Nxd4 e6 9. c4 Be7 10. Nc3 O-O 11. Be3 Rac8 12. b3 Rfd8 13. Rc1 d5 14. exd5 exd5 15. Nxc6 bxc6 16. cxd5 cxd5 17. Ne2 Ng4 18. Bd4 Qd6 19. Ng3 Rxc1 20. Qxc1 a6 21. h3 Nh6 22. Qe3 Bf8 23. Rc1 Qe6 24. Qxe6 fxe6 25. Rc6 Rd6 26. Rc8 Rd7 27. Bc5 Rf7 28. Bxf8 Rxf8 29. Rc6 Nf5 30. Nxf5 exf5 31. Rd6 Re8 32. Rxd5 Re1+ 33. Kh2 Re2 34. Ra5 Rxf2 35. Rxa6 Rb2 36. Kg3 Kf7 37. Kf3 g5 38. g3 h5 39. Ra7+ Kg6 40. Ra8 Kg7 41. h4 gxh4 42. gxh4 Kg6 43. Ra6+ Kg7 44. Kg3 Kf7 45. Rh6 Rxa2 46. Rxh5 Kg6 47. Rh8 Rb2 48. Rb8 Kh5 49. b4 Kg6 50. b5 Rb3+ 51. Kf2 Kh5 52. b6 Kxh4 53. b7 Rb2+ 54. Kf3 Rb3+ 55. Kf4 Rb4+ 56. Kxf5 Rb5+ 57. Ke4 Rb4+ 58. Kd5 Rb5+ 59. Kc4 1-0

[Event "Spring U2400"]
[Site "?"]
[Date "2023.03.05"]
[Round "4"]
[White "Jones, Gavin"]
[Black "Korovski, Georgi"]
[Result "0-1"]
[WhiteElo "1531"]
[BlackElo "1841"]
[PlyCount "66"]
[EventDate "2023.??.??"]
[SourceVersionDate "2023.03.20"]

1. b4 Nf6 2. Bb2 e6 3. b5 a6 4. e3 Be7 5. Nf3 O-O 6. bxa6 Nxa6 7. Be2 d5 8. d4 b6 9. O-O c5 10. Ne5 Qc7 11. c4 dxc4 12. Bxc4 Bb7 13. Qe2 Rfd8 14. Nc3 Bf8 15. f3 Nd7 16. Nb5 Qc8 17. Nxd7 Qxd7 18. Rfd1 Qe7 19. Ba3 Qg5 20. Bc1 Qh4 21. e4 cxd4 22. Nxd4 Bd6 23. g3 Qf6 24. Be3 Be5 25. Qf2 Rac8 26. Rac1 Nc5 27. Bb5 h6 28. a4 Qg6 29. Ne2 Nxe4 30. Rxd8+ Rxd8 31. fxe4 Qxe4 32. Kf1 g5 33. h3 Kg7 0-1

[Event "Spring U2400"]
[Site "?"]
[Date "2023.03.05"]
[Round "4"]
[White "Powell-Jones, Liam"]
[Black "Parri, Deio"]
[Result "0-1"]
[WhiteElo "1250"]
[BlackElo "1601"]
[PlyCount "72"]
[EventDate "2023.??.??"]
[SourceVersionDate "2023.03.20"]

1. e4 e6 2. Nf3 d5 3. exd5 exd5 4. d4 Nf6 5. Bd3 Be7 6. O-O O-O 7. c3 Bg4 8. Nbd2 Nbd7 9. Qc2 Bh5 10. Ne5 Bg6 11. f4 Bxd3 12. Qxd3 c5 13. b3 cxd4 14. cxd4 Rc8 15. Bb2 Qb6 16. Rfe1 Rfe8 17. Re3 Nf8 18. Rae1 Bb4 19. Nef3 Rxe3 20. Rxe3 Qc7 21. a3 Bxd2 22. Nxd2 Qc2 23. Qxc2 Rxc2 24. Bc3 Ng4 25. Rg3 Rc1+ 26. Nf1 Nf6 27. Re3 Ne4 28. Be1 Ne6 29. Ng3 Nxg3 30. hxg3 g6 31. Kh2 Nxd4 32. Bc3 Ne6 33. g4 d4 34. Bd2 dxe3 35. Bxc1 e2 36. Bd2 Nxf4 0-1

[Event "Spring U2400"]
[Site "?"]
[Date "2023.03.05"]
[Round "4"]
[White "Kong, Emma"]
[Black "Bennett, Tom"]
[Result "1-0"]
[WhiteElo "1188"]
[BlackElo "1678"]
[PlyCount "111"]
[EventDate "2023.??.??"]
[SourceVersionDate "2023.03.20"]

1. d4 Nf6 2. c4 e6 3. Nc3 Bb4 4. Bg5 c5 5. d5 exd5 6. cxd5 Bxc3+ 7. bxc3 d6 8. e4 O-O 9. Bd3 Nbd7 10. Ne2 h6 11. Bh4 Ne5 12. Bc2 Bg4 13. f3 Bd7 14. O-O b5 15. Bb3 g5 16. Bg3 Qe7 17. Bxe5 Qxe5 18. Bc2 Nh5 19. Qd2 Nf4 20. Nxf4 gxf4 21. Rac1 Kh7 22. Bb1 Rg8 23. Kh1 Rg7 24. Rg1 a5 25. a3 Rag8 26. Rcf1 Rg3 27. Rf2 R8g5 28. Re1 Rh5 29. Kg1 Rg7 30. Ree2 Kg8 31. Kf1 Rxh2 32. Ke1 Rg3 33. Kd1 f6 34. Re1 h5 35. Bc2 h4 36. Kc1 Qg5 37. Kb2 Rhxg2 38. Rxg2 Rxg2 39. Qd3 c4 40. Qd4 h3 41. Qb6 Qe5 42. Qd8+ Qe8 43. Qxe8+ Bxe8 44. Rh1 Bd7 45. Kc1 Kg7 46. Kd1 Kg6 47. e5+ Kg5 48. e6 h2 49. exd7 Rg1+ 50. Kd2 Rxh1 51. d8=Q Kh4 52. Qxf6+ Kg3 53. Qg5+ Kxf3 54. Qh5+ Kg3 55. Qg6+ Kf3 56. Qe4+ 1-0

[Event "Spring U2400"]
[Site "?"]
[Date "2023.03.05"]
[Round "4"]
[White "Davies, Tom"]
[Black "Gorman, Claire"]
[Result "1-0"]
[WhiteElo "1581"]
[BlackElo "1247"]
[PlyCount "43"]
[EventDate "2023.??.??"]
[SourceVersionDate "2023.03.20"]

1. c4 e5 2. Nc3 Nf6 3. Nf3 Nc6 4. e4 d6 5. d4 exd4 6. Nxd4 Ne5 7. Be2 Be7 8. O-O O-O 9. b3 c5 10. Nf3 Nxf3+ 11. Bxf3 Bg4 12. Bxg4 Nxg4 13. Qxg4 g6 14. Bf4 h5 15. Qg3 Bh4 16. Qf3 g5 17. Bg3 g4 18. Qf5 Bxg3 19. fxg3 Kg7 20. Qxh5 Rh8 21. Rxf7+ Kg8 22. Qg6# 1-0

[Event "Spring U2400"]
[Site "?"]
[Date "2023.03.05"]
[Round "4"]
[White "Swamy, Anshul"]
[Black "Forsey, Tomas"]
[Result "1/2-1/2"]
[WhiteElo "1460"]
[BlackElo "1216"]
[PlyCount "75"]
[EventDate "2023.??.??"]
[SourceVersionDate "2023.03.20"]

1. e4 c5 2. Nc3 a6 3. d4 cxd4 4. Qxd4 Nc6 5. Qd2 Nf6 6. b3 e6 7. Bb2 Bb4 8. f3 O-O 9. a3 Ba5 10. b4 Bc7 11. Nge2 d5 12. O-O-O dxe4 13. Qxd8 Rxd8 14. Rxd8+ Bxd8 15. Nxe4 Nxe4 16. fxe4 a5 17. b5 Na7 18. a4 b6 19. Ng3 Bb7 20. Bd3 Bg5+ 21. Kb1 Rd8 22. Nh5 f6 23. h4 Be3 24. Rh3 Bd4 25. Bc4 Bxb2 26. Bxe6+ Kf8 27. Kxb2 Bxe4 28. Rg3 Bg6 29. Nf4 Bf7 30. Bxf7 Kxf7 31. Rd3 Rxd3 32. cxd3 Nc8 33. Kc3 g5 34. hxg5 fxg5 35. Nh5 Ne7 36. Kd4 Ke6 37. g4 h6 38. Ng3 1/2-1/2

[Event "Spring U2400"]
[Site "?"]
[Date "2023.03.05"]
[Round "4"]
[White "Graczyk, Piotr"]
[Black "Hanczar, Csombor"]
[Result "1-0"]
[WhiteElo "1524"]
[BlackElo "964"]
[PlyCount "83"]
[EventDate "2023.??.??"]
[SourceVersionDate "2023.03.20"]

1. Nf3 Nf6 2. d4 g6 3. g3 Bg7 4. Bg2 O-O 5. c4 d6 6. O-O Na6 7. Nc3 c5 8. e3 Nc7 9. Re1 a6 10. Na4 b5 11. Nb6 Rb8 12. Nxc8 Qxc8 13. b3 bxc4 14. bxc4 Ne6 15. Qc2 a5 16. Bb2 Qa6 17. Rab1 Rb4 18. Nd2 Rfb8 19. Bc3 Rxb1 20. Rxb1 Rxb1+ 21. Qxb1 Nd7 22. Qb5 Qxb5 23. cxb5 cxd4 24. Bxa5 dxe3 25. fxe3 Kf8 26. Nc4 Ke8 27. Bc6 d5 28. Nb6 Nec5 29. Nxd7 Nxd7 30. Bc7 Be5 31. Bxe5 Kd8 32. Bxd7 Kxd7 33. b6 Kc6 34. Bc7 e6 35. a4 f6 36. Kf2 e5 37. a5 Kb7 38. Kf3 e4+ 39. Kf4 f5 40. Ke5 Ka8 41. Kxd5 h5 42. a6 1-0

[Event "Spring U2400"]
[Site "?"]
[Date "2023.03.05"]
[Round "5"]
[White "Bullen, Alex"]
[Black "Sadiq, Ayodele"]
[Result "1-0"]
[WhiteElo "2148"]
[BlackElo "2006"]
[PlyCount "55"]
[EventDate "2023.??.??"]
[SourceVersionDate "2023.03.20"]

1. d4 d5 2. Nf3 Nf6 3. c4 e6 4. e3 c6 5. b3 Nbd7 6. Bd3 Bd6 7. Bb2 O-O 8. O-O Re8 9. Ne5 Bf8 10. f4 g6 11. Nd2 Bg7 12. Ndf3 Nxe5 13. fxe5 Ng4 14. Qe2 f5 15. exf6 Bxf6 16. h3 e5 17. hxg4 e4 18. Ne5 Bxe5 19. dxe5 exd3 20. Qxd3 dxc4 21. Qxc4+ Be6 22. Qe2 Qa5 23. Rf6 Rad8 24. Rd1 Rd5 25. Rdf1 Rdd8 26. Qf3 Qd5 27. e4 Qd3 28. Rxe6 1-0

[Event "Spring U2400"]
[Site "?"]
[Date "2023.03.05"]
[Round "5"]
[White "Kett, Tim"]
[Black "Fowler, Hugo"]
[Result "1/2-1/2"]
[WhiteElo "2124"]
[BlackElo "1878"]
[PlyCount "81"]
[EventDate "2023.??.??"]
[SourceVersionDate "2023.03.20"]

1. e4 e5 2. Nc3 Nf6 3. Nf3 Nc6 4. g3 d5 5. exd5 Nxd5 6. Bg2 Nxc3 7. bxc3 Bc5 8. O-O O-O 9. d3 h6 10. Be3 Bb6 11. Qd2 Qf6 12. Kh1 Be6 13. Ng1 Rfd8 14. f4 Bxe3 15. Qxe3 exf4 16. Qd2 Bd5 17. Rxf4 Bxg2+ 18. Kxg2 Qd6 19. Nf3 Re8 20. Re1 Kf8 21. Rf1 Re7 22. Nh4 Rae8 23. R4f2 Kg8 24. Nf5 Qd5+ 25. Kg1 Re5 26. Qf4 Kh7 27. Qg4 Rg8 28. c4 Qe6 29. Qf4 Re8 30. c3 a6 31. Nd4 Nxd4 32. cxd4 Re2 33. Qxf7 Qxf7 34. Rxf7 Rxa2 35. R1f2 Ra3 36. Rd2 Re3 37. Rxc7 Rexd3 38. Rxd3 Rxd3 39. d5 b5 40. cxb5 axb5 41. Rc5 1/2-1/2

[Event "Spring U2400"]
[Site "?"]
[Date "2023.03.05"]
[Round "5"]
[White "Wilmot, Daniel"]
[Black "Gibiec, Ernest"]
[Result "0-1"]
[WhiteElo "1912"]
[BlackElo "2138"]
[PlyCount "65"]
[EventDate "2023.??.??"]
[SourceVersionDate "2023.03.20"]

1. e4 d6 2. d4 Nf6 3. Nc3 g6 4. Nf3 c6 5. Bd3 Bg7 6. O-O O-O 7. Re1 Qc7 8. b4 Bg4 9. h3 Bxf3 10. Qxf3 Nbd7 11. Ne2 a5 12. Bd2 axb4 13. Bxb4 c5 14. dxc5 dxc5 15. Bc3 Ne5 16. Qg3 Nh5 17. Qh2 c4 18. Bxc4 Nf3+ 19. gxf3 Qxc4 20. Bxg7 Nxg7 21. Qe5 Ra3 22. Qxe7 Rxf3 23. Kg2 Re8 24. Qxb7 Ra3 25. Ng3 Ne6 26. Kh2 Ng5 27. Qd7 Rea8 28. Kg2 h5 29. Qd5 Rxg3+ 30. Kxg3 Ra3+ 31. Kg2 Qc3 32. Qxg5 Qxh3+ 33. Kg1 0-1

[Event "Spring U2400"]
[Site "?"]
[Date "2023.03.05"]
[Round "5"]
[White "James, Dai"]
[Black "Young, Alan"]
[Result "0-1"]
[WhiteElo "1843"]
[BlackElo "2058"]
[PlyCount "108"]
[EventDate "2023.??.??"]
[SourceVersionDate "2023.03.20"]

1. b4 c6 2. Bb2 Qb6 3. c3 d5 4. Qb3 Nf6 5. e3 Bf5 6. c4 Nbd7 7. Nc3 e6 8. a3 Nc5 9. Qa2 Nd3+ 10. Bxd3 Bxd3 11. c5 Qc7 12. Nge2 Be7 13. Qb3 Rd8 14. Nc1 Bg6 15. d4 O-O 16. O-O Ng4 17. g3 e5 18. h3 exd4 19. Nxd5 Rxd5 20. hxg4 Qd7 21. Bxd4 Qxg4 22. Qd1 Qe6 23. Kg2 Rh5 24. Rh1 Rxh1 25. Qxh1 Be4+ 26. f3 Bxf3+ 27. Kxf3 Qd5+ 28. e4 Qxd4 29. Ne2 Qe5 30. Nf4 f5 31. Re1 Qc3+ 32. Kg2 fxe4 33. Rxe4 Bf6 34. Nh5 Bd4 35. Qe1 Qxe1 36. Rxe1 g6 37. Nf4 Bf6 38. Re4 Kf7 39. Kf3 Re8 40. a4 g5 41. Nd3 Rxe4 42. Kxe4 Ke6 43. g4 h6 44. b5 Be7 45. Kd4 Bf6+ 46. Kc4 Kd7 47. a5 cxb5+ 48. Kxb5 Kc7 49. a6 bxa6+ 50. Kxa6 Kc6 51. Kxa7 Bd4 52. Kb8 Bxc5 53. Ne5+ Kd5 54. Nf7 Bf8 0-1

[Event "Spring U2400"]
[Site "?"]
[Date "2023.03.05"]
[Round "5"]
[White "Fathallah, Joe"]
[Black "Mba, Reginald"]
[Result "0-1"]
[WhiteElo "1988"]
[BlackElo "1811"]
[PlyCount "112"]
[EventDate "2023.??.??"]
[SourceVersionDate "2023.03.20"]

1. d4 d5 2. c4 e6 3. Nc3 Nf6 4. cxd5 exd5 5. Bg5 c6 6. e3 Be7 7. Bd3 O-O 8. Qc2 Nbd7 9. Nge2 h6 10. Bh4 b5 11. O-O a5 12. f3 Nb6 13. e4 Nc4 14. Bxc4 bxc4 15. e5 Ne8 16. Bxe7 Qxe7 17. f4 f6 18. Na4 fxe5 19. fxe5 Rxf1+ 20. Rxf1 Nc7 21. Nc5 Ne6 22. Nxe6 Bxe6 23. Nf4 Qd7 24. Qg6 Bf5 25. Qg3 Kh7 26. h3 Be4 27. Nh5 Bg6 28. Nf4 Be4 29. h4 Rf8 30. Rf2 Qe7 31. h5 Qg5 32. Qxg5 hxg5 33. Ne6 Rxf2 34. Kxf2 Kh6 35. Nd8 Kxh5 36. Nxc6 a4 37. a3 Kg6 38. g3 Kf7 39. Nb4 Ke6 40. Na6 Bc2 41. Nc7+ Kf5 42. Nxd5 Ke4 43. Nb4 Bb1 44. e6 Kxd4 45. e7 Bg6 46. Na6 c3 47. bxc3+ Kxc3 48. Kf3 Kb3 49. Kg4 Kxa3 50. Nc5 Kb4 51. Nxa4 Kxa4 52. Kxg5 Be8 53. Kf5 Kb5 54. Ke6 Kc6 55. g4 Kc7 56. g5 Kc6 0-1

[Event "Spring U2400"]
[Site "?"]
[Date "2023.03.05"]
[Round "5"]
[White "Dixon, Chris"]
[Black "Garcia, Jason"]
[Result "0-1"]
[WhiteElo "1697"]
[BlackElo "2003"]
[PlyCount "82"]
[EventDate "2023.??.??"]
[SourceVersionDate "2023.03.20"]

1. Nf3 c5 2. g3 b6 3. Bg2 Bb7 4. O-O Nf6 5. d3 e6 6. Nbd2 Be7 7. b3 d6 8. Bb2 Nbd7 9. e4 Qc7 10. Qe2 O-O 11. Ne1 Rfe8 12. f4 Nf8 13. Nef3 b5 14. c4 b4 15. a3 bxa3 16. Rxa3 a5 17. Rfa1 Ra6 18. Bc3 Rea8 19. e5 Ne8 20. Ne4 d5 21. Nf2 Bc6 22. h4 a4 23. bxa4 Rxa4 24. Rxa4 Rxa4 25. Rxa4 Bxa4 26. Qa2 Bc6 27. Ne1 Qb7 28. Nh3 g6 29. Ng5 Ng7 30. g4 h5 31. gxh5 Nxh5 32. Bd2 Ng3 33. Kf2 Nf5 34. h5 gxh5 35. Bc1 dxc4 36. dxc4 Ng6 37. Qe2 Bxg5 38. fxg5 h4 39. Qd3 Nxe5 40. Qd8+ Kh7 41. Qf6 Ng4+ 0-1

[Event "Spring U2400"]
[Site "?"]
[Date "2023.03.05"]
[Round "5"]
[White "Parri, Deio"]
[Black "Rathbone-Jones, Ifan"]
[Result "0-1"]
[WhiteElo "1601"]
[BlackElo "1934"]
[PlyCount "62"]
[EventDate "2023.??.??"]
[SourceVersionDate "2023.03.20"]

1. d4 d5 2. c4 e6 3. Nc3 Nf6 4. Nf3 Be7 5. Bf4 c6 6. e3 Nbd7 7. Bd3 O-O 8. O-O dxc4 9. Bxc4 b5 10. Bb3 a5 11. a3 Bb7 12. Re1 Qb6 13. Ne5 Rfd8 14. Nxd7 Nxd7 15. Bc2 Nf8 16. Qg4 c5 17. Bh6 Ng6 18. Bg5 f5 19. Qh5 Qc6 20. d5 exd5 21. Bxf5 Bxg5 22. Qxg5 Rd6 23. Rad1 b4 24. axb4 axb4 25. Ne2 Rf8 26. Nf4 Nxf4 27. exf4 Rdf6 28. Re7 g6 29. g4 Rxf5 30. gxf5 d4 31. Kf1 Qh1+ 0-1

[Event "Spring U2400"]
[Site "?"]
[Date "2023.03.05"]
[Round "5"]
[White "Twohig, Tycho"]
[Black "Jukes, Sam"]
[Result "0-1"]
[WhiteElo "1430"]
[BlackElo "1905"]
[PlyCount "66"]
[EventDate "2023.??.??"]
[SourceVersionDate "2023.03.20"]

1. e4 c5 2. Nf3 Nc6 3. c4 g6 4. d3 Bg7 5. Nc3 d6 6. h3 e6 7. Be3 Nge7 8. Be2 O-O 9. O-O f5 10. Bg5 h6 11. Bxe7 Qxe7 12. Qd2 f4 13. Rfd1 g5 14. Ne1 e5 15. Bh5 Bf6 16. Kh2 Qg7 17. Bg4 Bxg4 18. hxg4 h5 19. f3 Kf7 20. Kg1 Rh8 21. Kf2 hxg4 22. Nc2 gxf3 23. Kxf3 g4+ 24. Ke2 Rh2 25. Rg1 g3 26. Nd5 Qg4+ 27. Ke1 f3 28. gxf3 Qxf3 29. Qe3 Qf2+ 30. Kd1 Qxc2+ 31. Ke1 Nd4 32. Rf1 Re2+ 33. Qxe2 Qxe2# 0-1

[Event "Spring U2400"]
[Site "?"]
[Date "2023.03.05"]
[Round "5"]
[White "Head, Elliot"]
[Black "Turner, Joseph"]
[Result "0-1"]
[WhiteElo "1168"]
[BlackElo "1867"]
[PlyCount "44"]
[EventDate "2023.??.??"]
[SourceVersionDate "2023.03.20"]

1. e4 e5 2. Nc3 Nf6 3. f4 d5 4. fxe5 Nxe4 5. Qf3 Nc6 6. Bb5 Be6 7. Nxe4 dxe4 8. Qxe4 Bd5 9. Qe2 Qh4+ 10. Qf2 Qe4+ 11. Ne2 O-O-O 12. d4 Be7 13. Kd1 Nxd4 14. Bd3 Qxg2 15. Qxg2 Bxg2 16. Rg1 Bf3 17. Rxg7 Nxe2 18. Rxf7 Nf4+ 19. Kd2 Bg5 20. Ke3 Nxd3+ 21. Kxf3 Nxe5+ 22. Ke4 Nxf7 0-1

[Event "Spring U2400"]
[Site "?"]
[Date "2023.03.05"]
[Round "5"]
[White "Korovski, Georgi"]
[Black "Kong, Emma"]
[Result "1-0"]
[WhiteElo "1841"]
[BlackElo "1188"]
[PlyCount "81"]
[EventDate "2023.??.??"]
[SourceVersionDate "2023.03.20"]

1. d4 d5 2. Nf3 c6 3. e3 Bf5 4. Bd3 Bxd3 5. Qxd3 Nf6 6. O-O e6 7. Nbd2 Be7 8. e4 dxe4 9. Nxe4 h6 10. c3 a6 11. Bf4 c5 12. Rad1 Nc6 13. Nxc5 Bxc5 14. dxc5 Qxd3 15. Rxd3 Rc8 16. Bd6 Rd8 17. Re1 Nd7 18. Red1 Rc8 19. Kf1 f6 20. h4 Kf7 21. h5 Rhd8 22. Nh4 Nde5 23. Bxe5 Rxd3 24. Rxd3 Nxe5 25. Rd6 Rc7 26. b4 Rd7 27. Rxd7+ Nxd7 28. f4 f5 29. Nf3 Nf6 30. Ne5+ Ke7 31. Ke2 Nxh5 32. Kf3 Nf6 33. c4 Nd7 34. Nd3 g5 35. a4 gxf4 36. Kxf4 Kf6 37. a5 e5+ 38. Ke3 Kg5 39. b5 e4 40. c6 bxc6 41. bxc6 1-0

[Event "Spring U2400"]
[Site "?"]
[Date "2023.03.05"]
[Round "5"]
[White "Harris, Callum"]
[Black "Wu, Yuxuan"]
[Result "1/2-1/2"]
[WhiteElo "1837"]
[BlackElo "1549"]
[PlyCount "71"]
[EventDate "2023.??.??"]
[SourceVersionDate "2023.03.20"]

1. e4 c5 2. Nf3 e6 3. d4 cxd4 4. Nxd4 a6 5. c4 Nf6 6. Nc3 d6 7. Be2 Be7 8. O-O Qc7 9. Be3 b6 10. Rc1 Bb7 11. f3 Nbd7 12. Qd2 O-O 13. g4 Ne5 14. g5 Nfd7 15. f4 Nc6 16. Nxc6 Bxc6 17. Nd5 exd5 18. cxd5 Nc5 19. b4 Bb5 20. bxc5 bxc5 21. f5 Rfe8 22. h4 Bf8 23. Rf4 Re5 24. Rg4 Bxe2 25. Qxe2 Rae8 26. Rc4 Qb7 27. Qc2 Rb8 28. Kg2 Qb2 29. h5 Qa1 30. Bc1 g6 31. hxg6 fxg6 32. fxg6 hxg6 33. Rc3 Bg7 34. Rb3 Rxb3 35. axb3 Re8 36. Bf4 1/2-1/2

[Event "Spring U2400"]
[Site "?"]
[Date "2023.03.05"]
[Round "5"]
[White "Browse, Joseph"]
[Black "Thomas, Roy"]
[Result "*"]
[WhiteElo "1390"]
[BlackElo "1666"]
[PlyCount "97"]
[EventDate "2023.??.??"]
[SourceVersionDate "2023.03.20"]

1. d4 f5 2. Nf3 e6 3. g3 Nf6 4. Bg2 Be7 5. O-O d6 6. c4 O-O 7. Nc3 Nc6 8. d5 Ne5 9. Nd4 Nxc4 10. dxe6 c6 11. Nxf5 Bxe6 12. Nxe7+ Qxe7 13. b3 Nb6 14. Ba3 Rad8 15. e4 Qd7 16. e5 Ne8 17. Ne4 Nc8 18. Qd2 Rf5 19. exd6 Ncxd6 20. Nc5 Qc8 21. Nxe6 Qxe6 22. Bh3 Qd5 23. Qxd5+ Rxd5 24. Be6+ Nf7 25. Bxd5 Rxd5 26. Rad1 Ra5 27. Rfe1 Nf6 28. Bb4 Rxa2 29. Re7 b6 30. Rc7 h6 31. Rxc6 Ne4 32. Be1 Rb2 33. b4 Ne5 34. Rc8+ Kh7 35. Re8 Nf3+ 36. Kg2 Nxe1+ 37. Rxe1 Nxf2 38. R8e2 Nd3 39. Rxb2 Nxb2 40. Ra1 Nd3 41. b5 Nb4 42. Rxa7 Nd5 43. Rb7 Kg6 44. Kf3 Kf6 45. Ke4 Nc3+ 46. Kd3 Na4 47. Kc4 g5 48. Kb4 Nc5 49. Rxb6+ *

[Event "Spring U2400"]
[Site "?"]
[Date "2023.03.05"]
[Round "5"]
[White "Chong, Kimberly"]
[Black "Macdonald, Duncan"]
[Result "1/2-1/2"]
[WhiteElo "1699"]
[BlackElo "1546"]
[PlyCount "95"]
[EventDate "2023.??.??"]
[SourceVersionDate "2023.03.20"]

1. e4 d5 2. exd5 Nf6 3. d4 Bg4 4. Be2 Bxe2 5. Qxe2 Qxd5 6. Nf3 e6 7. c4 Qf5 8. O-O Be7 9. Re1 O-O 10. d5 Bb4 11. Bd2 Bxd2 12. Qxd2 exd5 13. Re5 Qg6 14. cxd5 Nbd7 15. Re2 Nb6 16. Ne5 Qf5 17. Nc3 Rad8 18. Nf3 Nbxd5 19. Re5 Qd7 20. Nxd5 Nxd5 21. Rae1 c6 22. Qd4 f6 23. R5e2 a6 24. Qc4 Kh8 25. Qe4 Qd6 26. Qg4 Qd7 27. Qe4 f5 28. Qh4 Rde8 29. Ne5 Qe6 30. g3 Kg8 31. Qh5 Nf6 32. Qf3 Ne4 33. Nd3 Qd7 34. Nf4 Nd2 35. Qc3 Rxe2 36. Rxe2 Rd8 37. Ne6 Ne4 38. Qc4 Qd5 39. Qxd5 Rxd5 40. f3 Nd2 41. Ng5 Kf8 42. Nxh7+ Kf7 43. Ng5+ Kf8 44. Ne6+ Kf7 45. Ng5+ Kf8 46. b3 Nb1 47. Ne6+ Kf7 48. Ng5+ 1/2-1/2

[Event "Spring U2400"]
[Site "?"]
[Date "2023.03.05"]
[Round "5"]
[White "Hurn, Robert"]
[Black "Jansen Van Rensburg, Leon"]
[Result "0-1"]
[WhiteElo "1603"]
[BlackElo "1502"]
[PlyCount "64"]
[EventDate "2023.??.??"]
[SourceVersionDate "2023.03.20"]

1. d4 d5 2. c4 c6 3. Nc3 Nf6 4. e3 Nbd7 5. cxd5 cxd5 6. f4 a6 7. a4 e6 8. Nf3 Bb4 9. Bd3 O-O 10. O-O Nb6 11. Ne5 Bd7 12. Bd2 Rc8 13. Rc1 Bxc3 14. Rxc3 Nxa4 15. Rxc8 Qxc8 16. Bb4 Nxb2 17. Qb1 Nxd3 18. Bxf8 Kxf8 19. Nxd3 Bb5 20. Rc1 Qd7 21. Ne5 Qd8 22. Qb4+ Ke8 23. Qc5 Ne4 24. Qc7 Qxc7 25. Rxc7 f6 26. Rc8+ Ke7 27. Rc7+ Kd6 28. Rxb7 fxe5 29. fxe5+ Kc6 30. Re7 a5 31. Rxe6+ Kd7 32. Rd6+ Nxd6 0-1

[Event "Spring U2400"]
[Site "?"]
[Date "2023.03.05"]
[Round "5"]
[White "Enoch, Stuart"]
[Black "Gibiec, Mateusz"]
[Result "0-1"]
[WhiteElo "1390"]
[BlackElo "1595"]
[PlyCount "50"]
[EventDate "2023.??.??"]
[SourceVersionDate "2023.03.20"]

1. Nf3 Nf6 2. b3 d6 3. d4 d5 4. Bb2 Bf5 5. Nbd2 e6 6. e3 Bd6 7. Be2 O-O 8. O-O h6 9. c4 c6 10. c5 Bc7 11. b4 Nbd7 12. a4 Re8 13. Ne1 e5 14. Ra3 e4 15. Qb3 a6 16. Nc2 Ng4 17. g3 Qg5 18. b5 Qh5 19. h4 g5 20. Bxg4 Qxg4 21. hxg5 hxg5 22. Ne1 Kg7 23. Kg2 Qh3+ 24. Kg1 Rh8 25. f4 Qh2# 0-1

[Event "Spring U2400"]
[Site "?"]
[Date "2023.03.05"]
[Round "5"]
[White "Swamy, Anshul"]
[Black "Jones, Gavin"]
[Result "1-0"]
[WhiteElo "1460"]
[BlackElo "1531"]
[PlyCount "55"]
[EventDate "2023.??.??"]
[SourceVersionDate "2023.03.20"]

1. e4 c6 2. d4 d5 3. e5 c5 4. c3 Nc6 5. Be3 Bf5 6. Qb3 cxd4 7. cxd4 Rb8 8. Nc3 e6 9. Nf3 h6 10. Be2 a6 11. O-O g5 12. Nd2 h5 13. g3 Be7 14. Qd1 Nh6 15. Bxh5 Bh3 16. Re1 Kd7 17. g4 Nf5 18. gxf5 g4 19. Bxf7 Kc7 20. Bxe6 Bg2 21. f6 Rxh2 22. Bf4 Rh4 23. Kxg2 b6 24. Nxd5+ Kb7 25. fxe7 Qh8 26. Rh1 Qh7 27. Rxh4 Qxh4 28. Qh1 1-0

[Event "Spring U2400"]
[Site "?"]
[Date "2023.03.05"]
[Round "5"]
[White "Forsey, Tomas"]
[Black "Graczyk, Piotr"]
[Result "0-1"]
[WhiteElo "1216"]
[BlackElo "1525"]
[PlyCount "52"]
[EventDate "2023.??.??"]
[SourceVersionDate "2023.03.20"]

1. c4 c5 2. Nc3 Nf6 3. g3 Nc6 4. Bg2 g6 5. e4 e5 6. Nge2 Bg7 7. O-O O-O 8. d3 d6 9. h3 Be6 10. f4 Qd7 11. Kh2 Rab8 12. g4 Nxg4+ 13. hxg4 Bxg4 14. Bf3 Be6 15. Ng3 exf4 16. Bxf4 Ne5 17. Bxe5 Bxe5 18. Rg1 f5 19. exf5 Rxf5 20. Bd5 Rh5+ 21. Kg2 Bxd5+ 22. Nxd5 Qh3+ 23. Kf2 Rf8+ 24. Ke2 Qh2+ 25. Ke3 Bd4+ 26. Ke4 Re5# 0-1

[Event "Spring U2400"]
[Site "?"]
[Date "2023.03.05"]
[Round "5"]
[White "Gorman, Claire"]
[Black "Powell-Jones, Liam"]
[Result "0-1"]
[WhiteElo "1247"]
[BlackElo "1250"]
[PlyCount "48"]
[EventDate "2023.??.??"]
[SourceVersionDate "2023.03.20"]

1. e4 c6 2. Nc3 d5 3. d4 e6 4. exd5 exd5 5. Qe2+ Be7 6. Bf4 Nf6 7. Bxb8 Rxb8 8. O-O-O O-O 9. a3 Re8 10. Nf3 Bxa3 11. Qd3 Bb4 12. Na2 a5 13. c3 Bd6 14. Be2 g6 15. g3 Bf5 16. Qd2 Ne4 17. Qe1 a4 18. Qf1 a3 19. b4 b6 20. Bd3 c5 21. dxc5 bxc5 22. Bxe4 Bxe4 23. Qg2 cxb4 24. cxb4 Qc8+ 0-1

[Event "Spring U2400"]
[Site "?"]
[Date "2023.03.04"]
[Round "3"]
[White "Macdonald, Duncan"]
[Black "Gibiec, Ernest"]
[Result "0-1"]
[WhiteElo "1546"]
[BlackElo "2138"]
[PlyCount "102"]
[EventDate "2023.??.??"]
[SourceVersionDate "2023.03.17"]

1. c4 c6 2. Nc3 d5 3. d4 Nf6 4. Nf3 dxc4 5. e4 b5 6. Qc2 e6 7. Bd2 Nbd7 8. a4 Qb6 9. Be2 a6 10. O-O Bb7 11. b3 b4 12. a5 Qc7 13. Na4 c3 14. Bg5 h6 15. Bh4 Be7 16. Bg3 Qd8 17. Ne5 O-O 18. Rfd1 Qe8 19. Nc4 c5 20. Bf3 cxd4 21. Rxd4 e5 22. Nxe5 Nxe5 23. Bxe5 Qb5 24. Bc7 Rac8 25. Bb6 Nd7 26. Be2 Qc6 27. Bc4 Nxb6 28. Nxb6 Rcd8 29. Nd5 Bc5 30. Rd3 Qe8 31. Rg3 Qe5 32. Rd1 Kh8 33. Kh1 Rfe8 34. f3 Bxd5 35. exd5 Rxd5 36. Rf1 Rd2 37. Qc1 Qd4 38. Rg4 Qd7 39. h4 f5 40. Rg6 Qd4 41. g3 c2 42. h5 Kh7 43. g4 Rd1 44. gxf5 Rxc1 45. Rxc1 Qh4+ 46. Kg2 Qf2+ 47. Kh3 Qxf3+ 48. Kh2 Qf4+ 49. Rg3 Qxc1 50. Bd3 Qd2+ 51. Kh3 Qxd3 0-1